UBT Library

Superpower games : (Record no. 488)

000 -LEADER
fixed length control field 00720nam a22002177a 4500
008 - FIXED-LENGTH DATA ELEMENTS--GENERAL INFORMATION
fixed length control field 140609b xxu||||| |||| 00| 0 eng d
020 ## - INTERNATIONAL STANDARD BOOK NUMBER
International Standard Book Number 0300033648
041 0# - LANGUAGE CODE
Language code of text/sound track or separate title eng
080 ## - UNIVERSAL DECIMAL CLASSIFICATION NUMBER
Universal Decimal Classification number 355
100 ## - Rafti
Rafti Brams, Steven J.
245 10 - TITLE STATEMENT
Title Superpower games :
Statement of responsibility, etc Steven J. Brams.
260 ## -
-- New Haven :
-- Yale University Press,
-- 1985.
300 ## -
-- 176 f.:
-- 21 cm.
500 ## -
-- Preface : f. XI-XIV
500 ## -
-- Bibliography: f. 159-169
505 ## -
-- Index: f. 171-176
650 #0 -
-- Politika ushtarake
-- Modelet matematike
650 #0 -
-- Marrëdhëniet ndërkombëtare
-- Modelet matematikore
650 #0 -
-- SHBA
-- Marrëdhëniet ushtarake
-- Bashkimi Sovjetik
942 ## - ADDED ENTRY ELEMENTS (KOHA)
Source of classification or shelving scheme
Item type Books
Holdings
Withdrawn status Lost status Source of classification or shelving scheme Damaged status Not for loan Collection code Permanent location Current location Shelving location Date acquired Total Checkouts Full call number Barcode Date last seen Koha item type
          Koleksioni i përgjithshem UBT - Prishtine UBT - Prishtine Koleksioni i përgjithshem 06/09/2014   355 BRA 001-000572 06/09/2014 Books
UBT Library © 2015-2024. All rights reserved University Education for Business and Technology